Taylor Swift - Crazier Lyrics - Statistics

General Stats
  • This quiz has been taken 23 times
  • The average score is 158 of 221
Answer Stats
Answer % Correct
me
100%
the
100%
you
100%
You
100%
a
94%
around
94%
feet
94%
ground
94%
I
94%
it
94%
my
94%
never
94%
of
94%
spin
94%
crazier
88%
Crazier
88%
go
88%
I'd
88%
just
88%
let
88%
Let
88%
lift
88%
make
88%
take
88%
to
88%
where
88%
with
88%
gone
81%
off
81%
wants
81%
wind
81%
And
75%
and
75%
but
75%
But
75%
Every
69%
feel
69%
in
69%
your
69%
everything
63%
flow
63%
I'm
63%
like
63%
see
63%
was
63%
came
56%
so
56%
trying
56%
before
50%
changed
50%
couldn't
50%
door
50%
opened
50%
seen
50%
along
44%
as
44%
Feels
44%
find
44%
fly
44%
is
44%
Made
44%
made
44%
much
44%
Til
44%
don't
38%
eyes
38%
falling
38%
how
38%
lost
38%
more
38%
oh
38%
that
38%
there's
38%
what
38%
distance
31%
for
31%
from
31%
know
31%
watched
31%
wings
31%
believe
25%
kind
25%
own
25%
real
25%
showed
25%
something
25%
wanna
25%
wanted
25%
would
25%
anymore
19%
blue
19%
hide
19%
living
19%
sky
19%
Baby
13%
life
6%
No matching quizzes found
Score Distribution
Percent of People with Each Score
Percentile by Number Answered
Your Score History
You have not taken this quiz